000 00603nam a2200217Ii 4500
001 13054
003 CO-ViMGA
008 241108s9999||||xx |||||||||||||| ||und||
020 _a8434513498
040 _aCO-ViMGA
_bspa
_erda
_cCO-ViMGA
041 0 _aspa
082 0 4 _a616.89 F37c
100 1 _aAlfred M. Freedman
_944494
245 1 0 _aCompendio de psiquiatría
264 1 _aMadrid, España : Salvat, 1975
300 _avolumen
336 _atext
_btxt
_2rdacontent
337 _aunmediated
_bn
_2rdamedia
338 _avolume
_bnc
_2rdacarrier
940 _aidficha_siabuc: 12759. -- ficha_no_siabuc:13054
999 _c38952
_d38952